000
00319nam a2200133Ia 4500
005
20260328104252.0
008
260328s9999||||xx |||||||||||||| ||und||
100
_a
Escobar, Marlene
245
0
_a
Germán Samper /
_c
Marlene Escobar
260
_b
Diego Samper
300
_a
255 p.
650
_a
ARQUITECTOS
942
_c
BK
999
_c
10288
_d
10288